000
00251nam a22001097a 4500
082
_a
923.2 ABD
100
_a
mullah abdul salam zaeef
_9
69360
245
_a
Gawanta Namo Ki Kahani
260
_a
LAHORE
_b
TATAB DOST
_c
2007
300
_a
96P
942
_c
BK
999
_c
576685
_d
576685